00556 2200169 4500001002100000005001500021035002000036007000300056008004100059020001800100082000800118084001400126100001300140245008400153260010700237300004200344INLIS00000000000042320240418024627 a0010-0424000011ta240418 g 0 ind  a979-8094-31-X a301 a301 HER k0 aHermanto1 aKemiskinan Di Pedesaan :bMasalah dan Alternatif Penganggulangannya /cHermanto aBogor :bPusat Penelitian Sosial Ekonomi Pertanian Dandan Penelitian dan Pengembangan Pertanian,c1995 av, 481 hlm, :bilus, ;c17 cm x 24 cm